00333nam a2200121Ia 4500008004100000020002200041041000800063084001300071100001700084245005000101260001200151650004800163201216s9999||||xx |||||||||||||| ||und|| a978-9972-627-83-5 aspa aDAH 0741 aFavre, Henri 0aEl movimiento indigenista en América Latina c[2007?] aIndigenismovConferenciaszAmérica Latina